| 000 | 01055cam a2200337Ia 4500 | ||
|---|---|---|---|
| 001 | 37714 | ||
| 003 | BJBSDDR | ||
| 005 | 20240412120446.0 | ||
| 007 | ta | ||
| 008 | 041021s2019 fr b 000 0 fre d | ||
| 020 | _a9782130730859 | ||
| 020 | _a213073085X | ||
| 035 | _a(OCoLC)ocm56797346 | ||
| 035 | _a(OCoLC)56797346 | ||
| 040 |
_aUAB _bfre _cUAB |
||
| 041 | _afre | ||
| 049 | _aGRAL | ||
| 050 | 1 | 4 |
_aHD 30.3 _bC529m 2019 |
| 100 | 1 |
_aChevrier, Sylvie _935258 |
|
| 245 | 1 | 3 |
_aLe management interculturel / _cSylvie Chevrier |
| 250 | _aQuatrième édition mise à jour | ||
| 260 |
_aParis : _bPresses universitaires de France, _c2019. |
||
| 300 |
_a124 pages ; _c18 cm. |
||
| 440 | 0 |
_aQue sais-je?. _pEconomie ; _vn. 2535 _934704 |
|
| 650 | 4 |
_aCultura corporativa _93106 |
|
| 650 | 4 |
_aComunicación intercultural _912876 |
|
| 650 | 4 |
_aAdministración de la cultura corporativa _935259 |
|
| 650 | 4 |
_aDiversidad en el lugar de trabajo _9635 |
|
| 650 | 4 |
_aEmpresas comerciales internacionales _xAdministración _918543 |
|
| 942 |
_2lcc _cBK |
||
| 999 |
_c121017 _d121017 |
||